000
00315nam a22001337a 4500
003
SGT
020
_a
706901940
082
_a
820
_b
D72N
100
_a
NAYAR, KULDIP
245
_a
DISTANT NEIGHBOURS
_b
A TALE OF THE SUBCONTINENT
260
_b
VIKAS PUBLISHING HOUSE PVT. LTD.
_c
1972
300
_a
253
942
_2
ddc
_c
BK
999
_c
29033
_d
29033